00421nam a2200157Ia 45000010006000000050017000060080041000230410008000640820025000721000043000972450072001402600009002123000028002216500006002496540008002552280920260414150855.0260414t2018||||xx |||||||||||||| ||spa|| aESP a624.10299bE399 2018 aEyzaguirre Acosta, Carlos AugustoeAUT 0aCostos y presupuestos para edificaciones con excel, S10 y projectb c2018 a390 páginas :c25 cm. a0 aCIC